banner-ar

احجار على رقعة شطرنج : (Record no. 61675)

MARC details
000 -الفاتح
حقل البيانات ثابتة الطول 01215nam a22002777a 4500
005 - وقت وتاريخ اخر تعامل مع التسجيلة
رقم الضبط 20240530110511.0
008 - عناصر البيانات ثابتة الطول - معلومات عامة
حقل البيانات ثابتة الطول 151101s2011 ua a g 000 0 ara d
017 ## - رقم الايداع القانونى
رقم الايداع القانونى 2011/2785
المصدر ( الهيئة المختصة) مصر . دار الكتب المصرية
040 ## - مصدر الفهرسة
وكالة الفهرسة الأصلية EG-CaGPL
082 04 - رقم تصنيف ديوى العشرى
رقم الطبعة 21
رقم التصنيف 327.16\
رقم المادة ك أ
100 1# - المدخل الرئيسى - إسم شخصى
الإسم الشخصى كار ، وليام غاى
245 10 - بيان العنوان
العنوان احجار على رقعة شطرنج :
بقية العنوان التطبيق العملى للبروتوكولات : حقائق و خفايا /
بيان المسئوليه,etc بقلم وليم غاى كار ؛ تحليل و اعداد يوسف حسن المصرى .
650 04 - المدخل الاضافى بالموضوع-مصطلح موضوعى
مصطلح موضوعي اليهود
التقسيم الفرعي العام تاريخ .
650 04 - المدخل الاضافى بالموضوع-مصطلح موضوعى
مصطلح موضوعي الثورة الروسية 1917 .
650 04 - المدخل الاضافى بالموضوع-مصطلح موضوعى
مصطلح موضوعي الثورة الانجليزية ( 1640 - 1660 ) .
650 04 - المدخل الاضافى بالموضوع-مصطلح موضوعى
مصطلح موضوعي الثورة الفرنسية 1789 .
650 04 - المدخل الاضافى بالموضوع-مصطلح موضوعى
مصطلح موضوعي الحروب الصليبية .
650 04 - المدخل الاضافى بالموضوع-مصطلح موضوعى
مصطلح موضوعي اليهود
التقسيم الفرعي العام الاصل .
650 04 - المدخل الاضافى بالموضوع-مصطلح موضوعى
مصطلح موضوعي الثورة الاسبانية .
650 04 - المدخل الاضافى بالموضوع-مصطلح موضوعى
مصطلح موضوعي الحرب العالمية الثانية .
650 04 - المدخل الاضافى بالموضوع-مصطلح موضوعى
مصطلح موضوعي الحرب العالمية الاولى .
650 04 - المدخل الاضافى بالموضوع-مصطلح موضوعى
مصطلح موضوعي اليهود
التقسيم الفرعي العام احوال اقتصادية .
700 0# - المدخل الاضافى - اسم شخصى
الإسم الشخصى يوسف حسن المصرى .
الدور معد .
942 ## - عناصر المدخل الإضافي( كوها)
مصدر التصنيف او مخطط الترفيف Dewey Decimal Classification
Koha [default] item type كتاب
Holdings
حالة التراجع حالة الفقد حالة تلف ليس للاعارة المكان المؤقت الموقع الحالى تاريخ الاكتساب اجمالي اﻻعارات رقم الطلب الباركود تاريخ اخر مشاهدة تاريخ تفعيل السعر نوع وعاء كوها
        مكتبة القاهرة الكبرى مكتبة القاهرة الكبرى 11/01/2015   327.16\ ك أ 161022 11/01/2015 11/01/2015 كتاب

Powered By

EGPV